000 00517nam a2200181Ia 4500
005 20250326124402.0
008 250326s9999 xx 000 0 und d
037 _aTextbook
040 _aFMSL
_beng
_cFMSL
041 _aeng
_2eng
084 _aX:75.41 K8
_qFMSL
100 _aPerkins D H
_9729516
245 0 _aMarket control and planning in communist china
_cPerkins D H
260 _aUSA
_bUSA, Harvard University
_c1978
300 _a291p
942 _cTB
_hX:75.41 K8
999 _c1273510
_d1273510